000 00624nam a2200205Ia 4500
008 240729s9999 xx 000 0 und d
022 _a2574-8904
245 0 _aNew England Journal of Entrepreneurship
260 _aUnited Kingdom
260 _bEmerald Publishing
650 _a Business
650 _a Commerce
650 _a Industries. Land use. Labor
650 _a Industry
650 _a Small and medium-sized businesses, artisans, handicrafts, trades | Social Sciences
650 _aSocial Sciences
856 _uhttps://doaj.org/toc/83e31e116e28427b901c9519b868453a
942 _2ddc
942 _cDOAJEJ
999 _c68617
_d68617
945 _a1
_bMadushi Gamage
_c1
_dMadushi Gamage